Intrapreneuring (el empresario dentro de la empresa) como hacerse empresario sin salirse de la empresa (Registro nro. 21695)

Detalles MARC
000 -ENCABEZADO
Número de control [NR] 01051nam a2200265Ia 4500
008 - DE LONGITUD FIJA DE DATOS DE ELEMENTOS - INFORMACIÓN GENERAL
Elementos de longitud fija [NR] 130821s1985 ck a gr eng
020 ## - NUMERO INTERNACIONAL NORMALIZADO PARA LIBROS [R]
Número Internacional Normalizado del libro [NR] 9580401292
040 ## - FUENTE DE CATALOGACION [NR]
Agencia de catalogación original [NR] Co-BoUCM
Idioma de catalogación [NR] spa
041 00 - CODIGO DE IDIOMA [R]
Código de idioma para texto/pista de sonido o título separado [R] Inglés
100 1# - ASIENTO PRINCIPAL--NOMBRE PERSONAL [NR]
Nombre personal [NR] Pinchot, Gifford
ID Autoridad 156671
245 10 - MENCION DE TITULO [NR]
Título [NR] Intrapreneuring (el empresario dentro de la empresa) como hacerse empresario sin salirse de la empresa
Mención de responsabilidad, etc. [NR] Gifford Pinchot ; traducción Jorge Cárdenas Nannetti
260 ## - PUBLICACION, DISTRIBUCION, ETC. (PIE DE IMPRENTA) [R]
Lugar de publicación, distribución, etc. [R] Bogotá (Colombia)
Nombre del editor, distribuidor, etc. [R] Norma
Fecha de publicación, distribución, etc. [R] 1985
300 ## - DESCRIPCION FISICA [R]
Extensión [R] xxiii, 335 páginas
Otros detalles físicos [NR] ilustraciones
490 #0 - MENCION DE SERIE [R]
Mención de serie [R] Serie norma empresas y empresarios
500 ## - NOTA GENERAL [R]
Nota general [NR] Ejemplar 2 Donación Dr. Guillermo Galán.
500 ## - NOTA GENERAL [R]
Nota general [NR] Ejemplar 3 Donación Dr. Alvaro Daza.
500 ## - NOTA GENERAL [R]
Nota general [NR] Libro disponible en 24 horas a partir de la solicitud.
650 04 - ASIENTO SECUNDARIO DE MATERIA - TERMINO TEMATICO [R]
9 (RLIN) 435
Término temático o nombre geográfico como elemento de entrada [NR] Administración de empresas
650 04 - ASIENTO SECUNDARIO DE MATERIA - TERMINO TEMATICO [R]
Término temático o nombre geográfico como elemento de entrada [NR] Directores de compañías
9 (RLIN) 13319
650 04 - ASIENTO SECUNDARIO DE MATERIA - TERMINO TEMATICO [R]
Término temático o nombre geográfico como elemento de entrada [NR] Gerentes
9 (RLIN) 16394
650 04 - ASIENTO SECUNDARIO DE MATERIA - TERMINO TEMATICO [R]
Término temático o nombre geográfico como elemento de entrada [NR] Mercadeo
9 (RLIN) 19305
700 1# - ASIENTO SECUNDARIO - NOMBRE PERSONAL [R]
Nombre personal [NR] Cárdenas Nannetti, Jorge
Término de relación [R]
9 (RLIN) 30494
942 ## - ELEMENTOS DE ENTRADA AGREGADOS (KOHA)
Tipo de ítem principal el descrito en 300a Libro
Tema principal Economía
Edición 1
Parte restante de la signatura top. P647i
Sistema de clasificación DEWEY
Clasificación 658.4
Existencias
Fecha de último préstamo Signatura topográfica Código de barras Última vez visto Ejemplar Price effective from Tipo de ítem Nota pública (OPAC) Perdido Sistema de clasificación Dañado No prestable Tipo de ítem específico Suprimido Ubicación habitual Ubicación actual Localización Fecha de creación Forma de adquisición Costo
09/12/2011 FAD 658.4 P647i 100115211 04/12/2025 Ej.3 03/02/2013 Libro Galería de donantes   DEWEY     Fondos especiales   Claustro Claustro 3er piso 28/02/2011 Donación 26000.00